[Event "AUT2o-chT"]
[Site "Eichgraben"]
[Date "2000.10.21"]
[Round "1.36.6"]
[White "Herndlbauer, Martin"]
[Black "Sturm, Thomas"]
[Result "1-0"]
[WhiteElo "2157"]
[BlackElo "2078"]
[PlyCount "77"]
[EventDate "2000.10.21"]

1. d4 Nf6 2. c4 c5 3. d5 b5 4. cxb5 a6 5. bxa6 g6 6. Nc3 Bxa6 7. e4 Bxf1 8.
Kxf1 d6 9. g3 Bg7 10. Kg2 O-O 11. Nf3 Nbd7 12. Re1 Qb6 13. e5 Ng4 14. exd6 exd6
15. Qc2 Nde5 16. Nxe5 Nxe5 17. Bf4 Rfb8 18. Re2 Qb4 19. Rae1 Rb6 20. Bc1 f5 21.
f4 Nc4 22. Re8+ Rxe8 23. Rxe8+ Bf8 24. Na4 Rb7 25. b3 Nb6 26. Nxb6 Qxb6 27. Qe2
Qc7 28. Bb2 Ra7 29. a4 Rb7 30. Qe3 Rb4 31. a5 Qf7 32. Qe6 Rxb3 33. Bf6 Rb7 34.
a6 Ra7 35. Bg5 Kg7 36. Qc8 Qxd5+ 37. Kh3 Qf7 38. Rxf8 Qxf8 39. Bh6+ 1-0

[Event "AUT2o-chT"]
[Site "Eichgraben"]
[Date "2000.10.22"]
[Round "2.1.1"]
[White "Gross, Stefan"]
[Black "Balinov, Ilia"]
[Result "1/2-1/2"]
[WhiteElo "2357"]
[BlackElo "2453"]
[PlyCount "120"]
[EventDate "2000.10.22"]

1. Nf3 f5 2. d4 Nf6 3. g3 g6 4. c3 Bg7 5. Qb3 e6 6. Bg2 Nc6 7. Bg5 h6 8. Bxf6
Qxf6 9. Nbd2 g5 10. e4 fxe4 11. Nxe4 Qf5 12. Ned2 b6 13. Nc4 Ba6 14. Ne3 Qg6
15. O-O-O O-O-O 16. Qa4 Bb7 17. Qc2 Qxc2+ 18. Kxc2 Rdf8 19. Rd2 Rxf3 20. Bxf3
Nxd4+ 21. cxd4 Bxf3 22. Re1 Rf8 23. d5 Be4+ 24. Kc1 exd5 25. Nxd5 Bxd5 26. Rxd5
Rxf2 27. Rd2 Rf7 28. Re8+ Kb7 29. Rde2 Bf8 30. a3 a5 31. Kd2 Rf6 32. Ke1 Bc5
33. R8e4 Rf3 34. Rd2 Kc6 35. Rc2 Kd5 36. Rg4 Ke5 37. b4 Kf5 38. Rgc4 axb4 39.
axb4 d5 40. Rxc5 bxc5 41. Rxc5 Ke4 42. Rxc7 Rb3 43. Rh7 Ke3 44. Kd1 Rxb4 45.
Rxh6 d4 46. g4 d3 47. Rh3+ Kd4 48. Rh8 Kc3 49. Rc8+ Rc4 50. Ra8 Rf4 51. Rc8+
Kd4 52. h3 Ke3 53. Re8+ Re4 54. Rf8 Rf4 55. Rf5 Rf3 56. Re5+ Kf4 57. Rf5+ Ke3
58. Re5+ Kf4 59. Rf5+ Ke4 60. Rxg5 Rxh3 1/2-1/2

[Event "AUT2o-chT"]
[Site "Eichgraben"]
[Date "2000.10.22"]
[Round "2.2.2"]
[White "Miniboeck, Guenter"]
[Black "Neumeier, Klaus"]
[Result "0-1"]
[WhiteElo "2413"]
[BlackElo "2306"]
[PlyCount "66"]
[EventDate "2000.10.22"]

1. d4 Nf6 2. c4 g6 3. Nc3 Bg7 4. e4 d6 5. f3 O-O 6. Be3 Nc6 7. Qd2 Re8 8. Nge2
Rb8 9. h4 h5 10. O-O-O a6 11. Nd5 b5 12. Nxf6+ exf6 13. g4 hxg4 14. h5 bxc4 15.
hxg6 fxg6 16. Nf4 d5 17. exd5 Na5 18. Nxg6 Qxd5 19. Nf4 Qb5 20. Rh5 f5 21. Re1
Qa4 22. Kb1 Qa3 23. Nd5 f4 24. Bf2 Rxe1+ 25. Bxe1 Qxf3 26. Ne7+ Kf7 27. Nxc8
Qe4+ 28. Kc1 Bxd4 29. Rxa5 Be3 30. Na7 c3 31. Bc4+ Qxc4 32. bxc3 Qxc3+ 33. Kd1
Bxd2 0-1

[Event "AUT2o-chT"]
[Site "Eichgraben"]
[Date "2000.10.22"]
[Round "2.3.3"]
[White "Hechl, Gerald"]
[Black "Brandner, Stefan"]
[Result "0-1"]
[WhiteElo "2216"]
[BlackElo "2344"]
[PlyCount "39"]
[EventDate "2000.10.22"]

1. e4 e5 2. Nc3 Nf6 3. f4 d5 4. fxe5 Nxe4 5. Nf3 Bc5 6. d4 Bb4 7. Bd2 c5 8. a3
Ba5 9. dxc5 Bxc3 10. Bxc3 Nxc3 11. bxc3 Qa5 12. Qxd5 Qxc3+ 13. Kf2 Nc6 14. Bb5
Qxc2+ 15. Kf1 O-O 16. Bd3 Qc3 17. Rd1 Rd8 18. Qe4 g6 19. g4 Be6 20. Qe1 0-1

[Event "AUT2o-chT"]
[Site "Eichgraben"]
[Date "2000.10.22"]
[Round "2.4.4"]
[White "Sulyok, Michael"]
[Black "Wandl, Werner"]
[Result "1-0"]
[WhiteElo "2272"]
[BlackElo "2162"]
[PlyCount "103"]
[EventDate "2000.10.22"]

1. c4 e5 2. Nc3 Nc6 3. Nf3 g6 4. d4 exd4 5. Nxd4 Bg7 6. Nxc6 bxc6 7. g3 Ne7 8.
Bg2 O-O 9. O-O d6 10. Qc2 Be6 11. b3 Rb8 12. Bb2 Qc8 13. Rac1 Bf5 14. e4 Bh3
15. c5 Bxg2 16. Kxg2 g5 17. cxd6 cxd6 18. Qd2 Qe6 19. Qxg5 h6 20. Qe3 c5 21.
Nd1 Rb4 22. Bxg7 Kxg7 23. Nc3 Ng6 24. Rfe1 Re8 25. h3 a5 26. Qd2 Rd4 27. Qb2
Kf8 28. Re3 Qe5 29. Rce1 Qg5 30. Kh2 Qh5 31. f4 Rb8 32. Nd5 Rxd5 33. exd5 Qxd5
34. Qe2 h5 35. Rd3 Qf5 36. Rxd6 h4 37. Qe4 hxg3+ 38. Kxg3 Qh5 39. f5 Nh8 40.
Qg4 Qh7 41. Qg5 f6 42. Rxf6+ Nf7 43. Qg6 Qg7 44. Qxg7+ Kxg7 45. Rg6+ Kf8 46.
Rc6 a4 47. bxa4 Rb4 48. a5 Ra4 49. Rb1 Ra3+ 50. Rb3 Rxa5 51. Rb8+ Ke7 52. Re6+
1-0

[Event "AUT2o-chT"]
[Site "Eichgraben"]
[Date "2000.10.22"]
[Round "2.6.6"]
[White "Eibersberger, Manfred"]
[Black "Mayr, Thomas"]
[Result "1/2-1/2"]
[WhiteElo "2158"]
[BlackElo "2049"]
[PlyCount "44"]
[EventDate "2000.10.22"]

1. c4 c6 2. Nf3 d5 3. g3 Nf6 4. Bg2 g6 5. O-O Bg7 6. cxd5 cxd5 7. d4 O-O 8. Nc3
Nc6 9. Ne5 Bf5 10. Bf4 Rc8 11. Qd2 a6 12. Rac1 h5 13. Rfd1 Re8 14. h3 Qa5 15.
Nxd5 Qxd2 16. Rxd2 Nxd5 17. Bxd5 Bxe5 18. Bxe5 Bxh3 19. Bxc6 Rxc6 20. Rxc6 bxc6
21. Rc2 Rc8 22. Bf4 Be6 1/2-1/2

[Event "AUT2o-chT"]
[Site "Eichgraben"]
[Date "2000.10.22"]
[Round "2.7.1"]
[White "Vlcek, Stanislav"]
[Black "Wallner, Joachim"]
[Result "0-1"]
[WhiteElo "2326"]
[BlackElo "2272"]
[PlyCount "62"]
[EventDate "2000.10.22"]

1. e4 c5 2. Nf3 e6 3. d4 cxd4 4. Nxd4 Qb6 5. Nb3 Qc7 6. Nc3 a6 7. Bd3 Nf6 8. f4
d6 9. Qf3 b5 10. g4 b4 11. Ne2 d5 12. e5 Ne4 13. Ng3 Nxg3 14. hxg3 Nc6 15. Be3
Bb7 16. Nd4 Qa5 17. Qf2 Rc8 18. Nxc6 Rxc6 19. b3 g6 20. Bd4 Bc5 21. g5 Bxd4 22.
Qxd4 Rc3 23. Kd2 Rc7 24. Rh2 Bc6 25. Rah1 Bb5 26. Rxh7 Rxh7 27. Rxh7 Bxd3 28.
Rh8+ Kd7 29. Kxd3 Qxa2 30. Ke2 Qxc2+ 31. Kf3 Qc3+ 0-1

[Event "AUT2o-chT"]
[Site "Eichgraben"]
[Date "2000.10.22"]
[Round "2.8.2"]
[White "Steiner, Bruno"]
[Black "Schneider-Zinner, Harald"]
[Result "1/2-1/2"]
[WhiteElo "2236"]
[BlackElo "2285"]
[PlyCount "22"]
[EventDate "2000.10.22"]

1. d4 d5 2. Nf3 Nf6 3. c4 c6 4. cxd5 cxd5 5. Nc3 Nc6 6. Bf4 Bf5 7. e3 e6 8. Bd3
Bxd3 9. Qxd3 Bd6 10. Bxd6 Qxd6 11. O-O O-O 1/2-1/2

[Event "AUT2o-chT"]
[Site "Eichgraben"]
[Date "2000.10.22"]
[Round "2.9.3"]
[White "Juraczka, Franz"]
[Black "Fusi, Christoph"]
[Result "1/2-1/2"]
[WhiteElo "2238"]
[BlackElo "2275"]
[PlyCount "21"]
[EventDate "2000.10.22"]

1. d4 d5 2. c4 c6 3. cxd5 cxd5 4. Nc3 Nc6 5. Nf3 Nf6 6. Bf4 Bf5 7. e3 a6 8. Be2
e6 9. a3 Bd6 10. Bxd6 Qxd6 11. Qb3 1/2-1/2

[Event "AUT2o-chT"]
[Site "Eichgraben"]
[Date "2000.10.22"]
[Round "2.10.4"]
[White "Zetthofer, Gerald"]
[Black "Bachofner, Andreas"]
[Result "0-1"]
[WhiteElo "2242"]
[BlackElo "2179"]
[PlyCount "72"]
[EventDate "2000.10.22"]

1. c4 f5 2. Nc3 Nf6 3. g3 d6 4. d4 g6 5. Bg2 Bg7 6. Nf3 O-O 7. O-O Qe8 8. Re1
Qf7 9. b3 Ne4 10. Bb2 Nc6 11. Rc1 e5 12. e3 Nxc3 13. Bxc3 e4 14. Nd2 g5 15. b4
a5 16. a3 axb4 17. axb4 Ne7 18. Ra1 Be6 19. Bf1 c6 20. b5 d5 21. Bb4 f4 22.
Rxa8 Rxa8 23. Bxe7 Qxe7 24. Qc2 h5 25. Nb3 h4 26. Nc5 hxg3 27. hxg3 Bg4 28.
cxd5 cxd5 29. Qb3 Rd8 30. exf4 Bxd4 31. Nxe4 Kh8 32. Bg2 gxf4 33. gxf4 dxe4 34.
Rxe4 Qh4 35. Qa2 Bc3 36. Bf1 Bf3 0-1

[Event "AUT2o-chT"]
[Site "Eichgraben"]
[Date "2000.10.22"]
[Round "2.11.5"]
[White "Bachofner, Christian"]
[Black "Knoflicek, Ctibor"]
[Result "1/2-1/2"]
[WhiteElo "2085"]
[BlackElo "2156"]
[PlyCount "34"]
[EventDate "2000.10.22"]

1. e4 c6 2. d4 d5 3. Nc3 dxe4 4. Nxe4 Bf5 5. Ng3 Bg6 6. h4 h6 7. f4 e6 8. Nf3
Nd7 9. h5 Bh7 10. Bd3 Bxd3 11. Qxd3 Qc7 12. Bd2 O-O-O 13. Qe2 Ngf6 14. O-O-O
Kb8 15. Ne5 Nxe5 16. dxe5 Nd5 17. c4 Nb4 1/2-1/2

[Event "AUT2o-chT"]
[Site "Eichgraben"]
[Date "2000.10.22"]
[Round "2.12.6"]
[White "Sturm, Thomas"]
[Black "Steinert, Martin"]
[Result "0-1"]
[WhiteElo "2078"]
[BlackElo "2132"]
[PlyCount "86"]
[EventDate "2000.10.22"]

1. d4 d6 2. c4 g6 3. Nc3 Bg7 4. e4 c6 5. h3 Nd7 6. Be3 a6 7. Nf3 b5 8. a3 bxc4
9. Bxc4 Nb6 10. Ba2 Rb8 11. O-O Nf6 12. Qd2 O-O 13. Rfd1 a5 14. e5 Nfd5 15. Bh6
Nxc3 16. bxc3 d5 17. Bxg7 Kxg7 18. Qe2 Na4 19. Qc2 Nb2 20. Re1 Bf5 21. Qd2 Na4
22. Nh4 Bd7 23. Rab1 e6 24. Nf3 Qe7 25. Bb3 c5 26. c4 dxc4 27. Bxc4 Nb6 28. Bb5
cxd4 29. Qxd4 Nd5 30. Bxd7 Qxd7 31. Nd2 Rfc8 32. Nc4 Rxb1 33. Rxb1 Qa4 34. Rc1
Qb3 35. Kh2 Nb6 36. Nxa5 Qxa3 37. Rxc8 Nxc8 38. Qd8 Ne7 39. f4 Qb4 40. Kh1 Nd5
41. g3 Qe1+ 42. Kg2 h5 43. h4 Qe2+ 0-1

[Event "AUT2o-chT"]
[Site "Eichgraben"]
[Date "2000.10.22"]
[Round "2.13.1"]
[White "Varga, Zoltan"]
[Black "Beim, Valeri"]
[Result "1/2-1/2"]
[WhiteElo "2541"]
[BlackElo "2528"]
[PlyCount "30"]
[EventDate "2000.10.22"]

1. e4 d6 2. d4 Nf6 3. Bd3 g6 4. c4 Bg7 5. Nc3 O-O 6. Nge2 c5 7. d5 e6 8. O-O
exd5 9. cxd5 a6 10. a4 Nbd7 11. h3 Re8 12. Rb1 c4 13. Bxc4 Nxe4 14. Nxe4 Rxe4
15. Bd3 Re8 1/2-1/2

[Event "AUT2o-chT"]
[Site "Eichgraben"]
[Date "2000.10.22"]
[Round "2.14.2"]
[White "Lau, Ralf"]
[Black "Schweda, Roland"]
[Result "1-0"]
[WhiteElo "2498"]
[BlackElo "2362"]
[PlyCount "45"]
[EventDate "2000.10.22"]

1. e4 c5 2. Nf3 d6 3. d4 cxd4 4. Nxd4 Nf6 5. Nc3 a6 6. Be2 e5 7. Nb3 Be7 8. O-O
O-O 9. Kh1 Be6 10. f4 Qc7 11. a4 Nbd7 12. a5 Bc4 13. Bxc4 Qxc4 14. Qf3 b5 15.
axb6 Nxb6 16. Be3 Qc7 17. Bxb6 Qxb6 18. Ra5 exf4 19. Qxf4 Rfc8 20. Nd5 Qb7 21.
Nd4 Bd8 22. Nf5 Ne8 23. Nfe7+ 1-0

[Event "AUT2o-chT"]
[Site "Eichgraben"]
[Date "2000.10.22"]
[Round "2.15.3"]
[White "Stranz, Richard"]
[Black "Wukits, Rene"]
[Result "1/2-1/2"]
[WhiteElo "2254"]
[BlackElo "2347"]
[PlyCount "35"]
[EventDate "2000.10.22"]

1. e4 e5 2. Nf3 Nc6 3. Bc4 Nf6 4. Nc3 Bc5 5. d3 d6 6. a3 a5 7. Bg5 h6 8. Be3
Nd4 9. Bxd4 exd4 10. Nd5 c6 11. Nxf6+ Qxf6 12. Nd2 O-O 13. O-O b5 14. Ba2 a4
15. f4 Bb6 16. Qh5 Ra7 17. f5 Qg5 18. Qxg5 1/2-1/2

[Event "AUT2o-chT"]
[Site "Eichgraben"]
[Date "2000.10.22"]
[Round "2.16.4"]
[White "Wallner, Alfred"]
[Black "Krpelan, Wolfgang"]
[Result "1-0"]
[WhiteElo "2226"]
[BlackElo "2169"]
[PlyCount "81"]
[EventDate "2000.10.22"]

1. e4 e6 2. d4 d5 3. Nd2 Nf6 4. e5 Nfd7 5. Bd3 c5 6. c3 b6 7. Nh3 Ba6 8. Bxa6
Nxa6 9. O-O cxd4 10. cxd4 Nb4 11. a3 Nc6 12. Qg4 h5 13. Qf4 Ne7 14. Nf3 Nf5 15.
Nfg5 Be7 16. Qf3 Nf8 17. Rd1 Qd7 18. Qd3 Ng6 19. Be3 h4 20. Rac1 Rc8 21. Rxc8+
Qxc8 22. Qb5+ Qd7 23. Qe2 f6 24. Nf3 Kf7 25. Nf4 Nxf4 26. Bxf4 Rc8 27. g4 hxg3
28. hxg3 Bf8 29. Kg2 Qa4 30. g4 Ne7 31. exf6 gxf6 32. Re1 Rc6 33. g5 Ng6 34.
Bg3 Qc2 35. Qa6 Be7 36. gxf6 Kxf6 37. Qxa7 Qf5 38. Nh4 Qg5 39. Nxg6 Qxg6 40.
Re3 Bd6 41. Rf3+ 1-0

[Event "AUT2o-chT"]
[Site "Eichgraben"]
[Date "2000.10.22"]
[Round "2.17.5"]
[White "Ranits, Franz"]
[Black "Kreindl, Helmut"]
[Result "1/2-1/2"]
[WhiteElo "2231"]
[BlackElo "2179"]
[PlyCount "55"]
[EventDate "2000.10.22"]

1. e4 d5 2. exd5 Nf6 3. d4 Nxd5 4. Nf3 Bg4 5. Be2 Nc6 6. O-O e6 7. Re1 Be7 8.
c3 O-O 9. Nbd2 Re8 10. Ne4 Bxf3 11. Bxf3 e5 12. Nc5 Bxc5 13. dxc5 Nf6 14. Bg5
h6 15. Bxf6 Qxf6 16. Qb3 Rab8 17. Rad1 Red8 18. Rxd8+ Nxd8 19. Rd1 Ne6 20. c6
Ng5 21. Qxb7 Nxf3+ 22. gxf3 Rd8 23. Rxd8+ Qxd8 24. Qb3 Qg5+ 25. Kf1 Qf4 26. Qb4
Qxf3 27. Qb8+ Kh7 28. Qxc7 1/2-1/2

[Event "AUT2o-chT"]
[Site "Eichgraben"]
[Date "2000.10.22"]
[Round "2.18.6"]
[White "Schwaninger, Wolfgang"]
[Black "Froschauer, Hans"]
[Result "1/2-1/2"]
[WhiteElo "2108"]
[BlackElo "2179"]
[PlyCount "82"]
[EventDate "2000.10.22"]

1. d4 d6 2. Nf3 g6 3. c4 Bg7 4. Nc3 Nf6 5. h3 O-O 6. e3 Nc6 7. Be2 e5 8. d5 Ne7
9. e4 Nd7 10. Rb1 a5 11. a3 f5 12. b4 Nf6 13. Nd2 Bh6 14. O-O axb4 15. axb4 Rf7
16. Qb3 Bd7 17. c5 Bxd2 18. Bxd2 fxe4 19. Bg5 h6 20. Bxf6 Rxf6 21. cxd6 cxd6
22. Nxe4 Rf4 23. Nc5 dxc5 24. d6+ Kg7 25. dxe7 Qxe7 26. bxc5 Bc6 27. Qe3 Re4
28. Qd2 Rd8 29. Qb2 Red4 30. Bb5 Be4 31. Rbc1 Rd2 32. Qc3 Qg5 33. g3 Qf5 34.
Rce1 R2d4 35. g4 Qf4 36. Qe3 Qxe3 37. Rxe3 Rb4 38. Rfe1 Rxb5 39. Rxe4 Rxc5 40.
Rxe5 Rxe5 41. Rxe5 Kf6 1/2-1/2

[Event "AUT2o-chT"]
[Site "Eichgraben"]
[Date "2000.10.22"]
[Round "2.19.1"]
[White "Alvir, Aco"]
[Black "Polak, Thomas"]
[Result "1/2-1/2"]
[WhiteElo "2399"]
[BlackElo "2499"]
[PlyCount "39"]
[EventDate "2000.10.22"]

1. e4 c5 2. Nf3 d6 3. d4 cxd4 4. Nxd4 Nf6 5. Nc3 a6 6. Bg5 e6 7. Qd3 Be7 8.
O-O-O Nbd7 9. f4 h6 10. Bxf6 Bxf6 11. Be2 Qb6 12. Rhe1 Nc5 13. Qd2 Bd7 14. Kb1
O-O-O 15. Nb3 Nxb3 16. axb3 Bc6 17. Bf3 Kb8 18. Qc1 g5 19. Rd3 Qc5 20. g3
1/2-1/2

[Event "AUT2o-chT"]
[Site "Eichgraben"]
[Date "2000.10.22"]
[Round "2.20.2"]
[White "Groetz, Harald"]
[Black "Dueckstein, Andreas"]
[Result "1/2-1/2"]
[WhiteElo "2258"]
[BlackElo "2313"]
[PlyCount "32"]
[EventDate "2000.10.22"]

1. e4 e5 2. Nf3 Nc6 3. d4 exd4 4. Bc4 Nf6 5. O-O Nxe4 6. Re1 d5 7. Bxd5 Qxd5 8.
Nc3 Qa5 9. Nxe4 Be6 10. Neg5 O-O-O 11. Nxe6 fxe6 12. Rxe6 Bd6 13. Bg5 Rde8 14.
Qe1 Qxe1+ 15. Raxe1 Kd7 16. Rxe8 Rxe8 1/2-1/2

[Event "AUT2o-chT"]
[Site "Eichgraben"]
[Date "2000.10.22"]
[Round "2.21.3"]
[White "Stuhlik, Marko"]
[Black "Wiedermann, Franz"]
[Result "1-0"]
[WhiteElo "2237"]
[BlackElo "2169"]
[PlyCount "69"]
[EventDate "2000.10.22"]

1. Nf3 d5 2. g3 Bf5 3. Bg2 c6 4. d3 Nf6 5. O-O e6 6. Nbd2 Be7 7. b3 O-O 8. Bb2
Nbd7 9. h3 h6 10. Qe1 Qc7 11. Kh1 e5 12. e4 dxe4 13. dxe4 Be6 14. Qe2 Ne8 15.
Nc4 f6 16. Nh4 Bc5 17. Rad1 Nd6 18. Ne3 Kh7 19. Rd3 g6 20. Ng4 h5 21. Ne3 Nf7
22. f4 Bxe3 23. Rxe3 Nh6 24. f5 Bf7 25. fxg6+ Bxg6 26. Ba3 c5 27. Bc1 Rf7 28.
Bf3 Rg7 29. Rd3 c4 30. bxc4 Bf7 31. Qd2 Bxc4 32. Qxh6+ Kg8 33. Bd1 Qc6 34. Qe3
Bxd3 35. cxd3 1-0

[Event "AUT2o-chT"]
[Site "Eichgraben"]
[Date "2000.10.22"]
[Round "2.22.4"]
[White "Amberger, Dieter"]
[Black "Jelinek, Petr"]
[Result "1/2-1/2"]
[WhiteElo "2105"]
[BlackElo "2162"]
[PlyCount "28"]
[EventDate "2000.10.22"]

1. e4 d6 2. d4 c6 3. Nc3 Nd7 4. Nf3 e5 5. Bc4 Be7 6. O-O Ngf6 7. Qe2 O-O 8. Rd1
Qc7 9. a4 h6 10. Nh4 Nb6 11. Bb3 Nxe4 12. Qxe4 d5 13. Qxe5 Qxe5 14. dxe5 Bxh4
1/2-1/2

[Event "AUT2o-chT"]
[Site "Eichgraben"]
[Date "2000.10.22"]
[Round "2.23.5"]
[White "Stoppel, Franz"]
[Black "Pernerstorfer, Johannes"]
[Result "0-1"]
[WhiteElo "2154"]
[BlackElo "2165"]
[PlyCount "112"]
[EventDate "2000.10.22"]

1. Nf3 g6 2. d4 Bg7 3. c3 d6 4. Bf4 Nd7 5. e3 Ngf6 6. h3 a6 7. Be2 c5 8. O-O b5
9. Nbd2 Bb7 10. Bg3 O-O 11. Re1 Qb6 12. a4 bxa4 13. Nc4 Qc7 14. Qxa4 Rfb8 15.
Nfd2 Bc6 16. Qa3 Ne4 17. Nxe4 Bxe4 18. f3 Bb7 19. Qa5 Qc6 20. Qa3 Bc8 21. Na5
Qc7 22. Bf1 e5 23. Red1 Bh6 24. Bf2 cxd4 25. exd4 exd4 26. Bxd4 Ne5 27. Bf2 Be6
28. Qxd6 Qxd6 29. Rxd6 Rxb2 30. Rxa6 Rxa6 31. Bxa6 Bd2 32. Bd4 Bf4 33. Bf1 Bd5
34. Re1 f6 35. Bxe5 Bxe5 36. Bc4 Bxc4 37. Nxc4 Bxc3 38. Nxb2 Bxe1 39. Kf1 Bc3
40. Nd1 Be5 41. Ke2 Kf7 42. Kd3 Ke6 43. g4 f5 44. Ke3 Kd5 45. Kd3 Bd4 46. gxf5
gxf5 47. Ne3+ Bxe3 48. Kxe3 Ke5 49. f4+ Kd5 50. Kd3 h6 51. Ke3 Kc4 52. Kf3 Kd3
53. Kg3 Ke3 54. Kh4 Kxf4 55. Kh5 Kg3 56. Kxh6 f4 0-1

[Event "AUT2o-chT"]
[Site "Eichgraben"]
[Date "2000.10.22"]
[Round "2.24.6"]
[White "Schirmbeck, Hannes"]
[Black "Monschein, Wolfgang"]
[Result "0-1"]
[WhiteElo "2159"]
[BlackElo "2107"]
[PlyCount "100"]
[EventDate "2000.10.22"]

1. e4 c6 2. d3 d5 3. Nd2 e5 4. Ngf3 Bd6 5. g3 Ne7 6. Bg2 O-O 7. O-O f5 8. Re1
Qc7 9. c4 fxe4 10. dxe4 d4 11. Ng5 h6 12. Nh3 Be6 13. f3 Nd7 14. Nf2 Rad8 15.
Nd3 Nc5 16. Qc2 Nc8 17. Rf1 Rd7 18. Nxc5 Bxc5 19. Qd3 Nb6 20. b3 Rdf7 21. Kh1
Nd7 22. Rb1 a5 23. a3 Qd6 24. Ra1 Bb6 25. b4 c5 26. b5 Bd8 27. Nb3 a4 28. Nd2
Nb6 29. Ra2 Bg5 30. Rc2 Qd7 31. Nb1 Bxc1 32. Rcxc1 Rf6 33. Nd2 Qf7 34. Rc2 g5
35. Rcc1 Kg7 36. Kg1 Qh5 37. Kh1 Qf7 38. Kg1 h5 39. Kh1 g4 40. f4 exf4 41. e5
Rf5 42. Be4 f3 43. Bxf5 Bxf5 44. Ne4 Qg6 45. Rce1 Re8 46. Qd2 Bxe4 47. Qf4 Bd3
48. e6 Bxf1 49. Qc7+ Kg8 50. e7 f2 0-1

[Event "AUT2o-chT"]
[Site "Eichgraben"]
[Date "2000.10.22"]
[Round "2.26.2"]
[White "Lanc, Alois"]
[Black "Sandhu, Mario"]
[Result "1-0"]
[WhiteElo "2392"]
[BlackElo "2285"]
[PlyCount "65"]
[EventDate "2000.10.22"]

1. e4 c6 2. d4 d5 3. Nc3 g6 4. e5 Bg7 5. f4 h5 6. Nf3 Nh6 7. Be3 Bg4 8. Be2 Nd7
9. Qd2 Nb6 10. b3 Nf5 11. Bf2 Qd7 12. h3 Bxf3 13. Bxf3 h4 14. Bg4 e6 15. Ne2 f6
16. Ng1 fxe5 17. fxe5 Bh6 18. Qd3 Qe7 19. Nf3 Bf4 20. O-O Bg5 21. c4 O-O-O 22.
c5 Nd7 23. b4 Nh6 24. Bxe6 Qxe6 25. Nxg5 Qe7 26. Be3 Nf5 27. b5 cxb5 28. Rab1
Nb8 29. Rxf5 gxf5 30. Qxf5+ Nd7 31. e6 Nf6 32. Bf4 Ne4 33. Qe5 1-0

[Event "AUT2o-chT"]
[Site "Eichgraben"]
[Date "2000.10.22"]
[Round "2.27.3"]
[White "Pingitzer, Harald"]
[Black "Poecksteiner, Johann"]
[Result "1-0"]
[WhiteElo "2278"]
[BlackElo "2217"]
[PlyCount "51"]
[EventDate "2000.10.22"]

1. Nf3 c5 2. c4 Nc6 3. Nc3 g6 4. g3 Bg7 5. Bg2 Nf6 6. O-O O-O 7. d4 cxd4 8.
Nxd4 d6 9. e3 Bd7 10. Nde2 a6 11. b3 Rb8 12. a4 Qa5 13. Bd2 Qh5 14. f3 Rfc8 15.
a5 Ne8 16. Nf4 Qc5 17. Na4 Qa7 18. Ra2 e6 19. Nb6 Rc7 20. Ne2 Rd8 21. e4 Qb8
22. Bg5 f6 23. Be3 Ne5 24. Nd4 Nf7 25. Nxd7 Rcxd7 26. Nxe6 1-0

[Event "AUT2o-chT"]
[Site "Eichgraben"]
[Date "2000.10.22"]
[Round "2.28.4"]
[White "Steiner, Heinz"]
[Black "Holzer, Gerhard"]
[Result "1-0"]
[WhiteElo "2150"]
[BlackElo "2287"]
[PlyCount "75"]
[EventDate "2000.10.22"]

1. d4 Nf6 2. Nf3 g6 3. g3 Bg7 4. Bg2 O-O 5. O-O d6 6. c4 Nbd7 7. Nc3 e5 8. e4
exd4 9. Nxd4 Nc5 10. h3 Re8 11. Re1 a5 12. Rb1 Nfd7 13. Be3 Ne5 14. b3 Bd7 15.
Qc2 Ncd3 16. Rf1 Nb4 17. Qe2 Nbc6 18. Ndb5 f5 19. f4 Nf7 20. Nd5 Rc8 21. exf5
Bxf5 22. Rbd1 Ne7 23. Qd2 Nxd5 24. cxd5 Qd7 25. Nd4 Bxh3 26. Bf2 Bxg2 27. Kxg2
c6 28. Qxa5 Ra8 29. Qd2 cxd5 30. a4 Re4 31. Nb5 Qg4 32. Qxd5 Rxf4 33. Bb6 Be5
34. Rxf4 Bxf4 35. Bf2 Rf8 36. Rd4 g5 37. Nxd6 Bxd6 38. Rxg4 1-0

[Event "AUT2o-chT"]
[Site "Eichgraben"]
[Date "2000.10.22"]
[Round "2.29.5"]
[White "Schwab, Rene"]
[Black "Steinwender, Peter"]
[Result "1-0"]
[WhiteElo "2277"]
[BlackElo "2145"]
[PlyCount "84"]
[EventDate "2000.10.22"]

1. e4 c5 2. Nf3 d6 3. Bb5+ Bd7 4. a4 a6 5. Bc4 Nf6 6. e5 dxe5 7. Nxe5 e6 8. O-O
Nc6 9. Nxd7 Qxd7 10. Re1 Be7 11. Ra3 O-O 12. Rd3 Qc7 13. Rh3 Ne5 14. b3 Nxc4
15. bxc4 Rad8 16. Bb2 Qf4 17. d3 Rd7 18. Ree3 Rfd8 19. Nd2 h6 20. Ref3 Qc7 21.
Qa1 Qc6 22. Rhg3 Kf8 23. h4 b5 24. Rxg7 Kxg7 25. Bxf6+ Bxf6 26. Qxf6+ Kh7 27.
axb5 axb5 28. Ne4 bxc4 29. Rg3 Rg8 30. Rxg8 Kxg8 31. Qxh6 f5 32. Nf6+ Kf7 33.
Nxd7 Qxd7 34. Qh7+ Ke8 35. Qxd7+ Kxd7 36. f4 cxd3 37. cxd3 e5 38. Kf2 Ke6 39.
Ke3 Kf6 40. fxe5+ Kxe5 41. g3 Kd5 42. h5 Ke5 1-0

[Event "AUT2o-chT"]
[Site "Eichgraben"]
[Date "2000.10.22"]
[Round "2.30.6"]
[White "Koller, Hubert"]
[Black "Schuh, Franz"]
[Result "0-1"]
[WhiteElo "2127"]
[BlackElo "2256"]
[PlyCount "148"]
[EventDate "2000.10.22"]

1. d4 Nf6 2. Nf3 e6 3. Bf4 b6 4. e3 Bb7 5. Bd3 Be7 6. Nbd2 d5 7. O-O O-O 8. Ne5
Nbd7 9. Qf3 c5 10. c3 Qc8 11. Rfe1 Ba6 12. Bc2 b5 13. Qh3 Re8 14. e4 Nf8 15.
Nef3 dxe4 16. Nxe4 Nxe4 17. Bxe4 Bb7 18. Bd3 c4 19. Bc2 Ng6 20. Ng5 Bxg5 21.
Bxg5 Bd5 22. a3 Qb7 23. Qg3 a5 24. h4 Qb8 25. Bxg6 hxg6 26. Bf4 Qd8 27. h5 gxh5
28. Re5 h4 29. Qg4 f5 30. Qh5 Qf6 31. Bg5 Qf7 32. Qxh4 Qg6 33. Rae1 Kf7 34. f3
Rh8 35. Qg3 Rh5 36. Bf4 Qxg3 37. Bxg3 Ra7 38. R5e2 Rb7 39. Be5 g5 40. Kf2 Kg6
41. Rg1 Rhh7 42. Ree1 b4 43. axb4 axb4 44. Bd6 bxc3 45. bxc3 Rb3 46. Bb4 Rb2+
47. Re2 Rxe2+ 48. Kxe2 Rh2 49. Kf2 f4 50. Bd6 Kf5 51. Re1 g4 52. Kg1 Rh4 53. g3
fxg3 54. Bxg3 Rh3 55. Re5+ Kf6 56. Kf2 gxf3 57. Re1 Kf5 58. Bd6 Rh7 59. Ke3 Rg7
60. Rf1 Rg2 61. Rf2 Rg1 62. Rh2 Re1+ 63. Kd2 Ra1 64. Ke3 Rd1 65. Rd2 Re1+ 66.
Kf2 Rc1 67. Bb4 Ke4 68. Ba5 Rb1 69. Bd8 Rb3 70. Ba5 Rb7 71. Bd8 Rg7 72. Bh4
Rg2+ 73. Ke1 Rg1+ 74. Kf2 Rc1 0-1

[Event "AUT2o-chT"]
[Site "Eichgraben"]
[Date "2000.10.22"]
[Round "2.31.1"]
[White "Plachetka, Jan"]
[Black "Wirius, Stefan"]
[Result "1-0"]
[WhiteElo "2373"]
[BlackElo "2327"]
[PlyCount "87"]
[EventDate "2000.10.22"]

1. d4 Nf6 2. Nf3 d6 3. Nc3 g6 4. e4 Bg7 5. Be2 O-O 6. O-O c6 7. Re1 b5 8. e5
dxe5 9. Nxe5 Be6 10. Bf3 Qb6 11. a4 b4 12. a5 Qc7 13. Ne2 Bd5 14. Nf4 Nbd7 15.
Ned3 Bxf3 16. Qxf3 Qd6 17. Bd2 Rab8 18. Ra4 Qxd4 19. Rxb4 Qd6 20. Rc4 Nd5 21.
Nxd5 cxd5 22. Bb4 Rxb4 23. Rxb4 e5 24. Rb7 Qc6 25. Rb3 e4 26. Nb4 Qd6 27. Qd1
d4 28. Na2 f5 29. Rb7 Nc5 30. Rxa7 Be5 31. b4 Ne6 32. Qe2 d3 33. cxd3 Nf4 34.
Qc2 Nxd3 35. Rf1 Bxh2+ 36. Kh1 Be5 37. g3 g5 38. Kg2 f4 39. Qc4+ Kh8 40. Qxe4
f3+ 41. Kg1 Qh6 42. Ra8 Bb8 43. Rxb8 Rxb8 44. Qxd3 1-0

[Event "AUT2o-chT"]
[Site "Eichgraben"]
[Date "2000.10.22"]
[Round "2.32.2"]
[White "Ligezinski, Martin"]
[Black "Rogetzer, Klaus"]
[Result "1/2-1/2"]
[WhiteElo "2162"]
[BlackElo "2213"]
[PlyCount "25"]
[EventDate "2000.10.22"]

1. e4 g6 2. d4 Bg7 3. Nc3 d5 4. exd5 Nf6 5. Bc4 Nbd7 6. Bg5 O-O 7. Bb3 Nb6 8.
Bxf6 Bxf6 9. Nge2 a5 10. a4 Bg7 11. Qd2 c6 12. dxc6 bxc6 13. Qe3 1/2-1/2

[Event "AUT2o-chT"]
[Site "Eichgraben"]
[Date "2000.10.22"]
[Round "2.33.3"]
[White "Steiner, Johann"]
[Black "Wirius, Johannes"]
[Result "1/2-1/2"]
[WhiteElo "2112"]
[BlackElo "2239"]
[PlyCount "61"]
[EventDate "2000.10.22"]

1. e4 Nf6 2. Nc3 d5 3. exd5 Nxd5 4. Bc4 Nb6 5. Bb3 Nc6 6. d3 Bf5 7. Nf3 e6 8.
Be3 Be7 9. h3 O-O 10. g4 Bg6 11. Qd2 Nd5 12. Nxd5 exd5 13. a3 a5 14. h4 h5 15.
O-O-O a4 16. Ba2 hxg4 17. h5 Bf5 18. h6 g6 19. h7+ Kh8 20. Nd4 Nxd4 21. Bxd4+
f6 22. Rde1 c5 23. Qe3 cxd4 24. Qxe7 Rc8 25. Kb1 Rc7 26. Qb4 Re8 27. Rxe8+ Qxe8
28. Qxd4 Qd8 29. Qxd5 Qxd5 30. Bxd5 Re7 31. f3 1/2-1/2